01526nam a2200385 a 4500001001200000003000800012006001900020007001500039008004100054020001500095020001800110020001500128020001500143020001800158020002700176040002100203035002100224050002300245245017200268260003500440300002400475504005100499505010400550533015200654650001600806650002600822650003700848655002900885700002300914700002000937700002100957710001700978856012600995999001901121ebr10481532CaPaEBRm u cr cn|||||||||110804s2010 enk a sb 001 0 eng d z1843312794 z9781843318750 z184331875X z1843318881 z9781843312796 z9781843318880 (e-book) aCaPaEBRcCaPaEBR a(OCoLC)74161323814aHB501b.P65 2010eb00aPolitical economy and global capitalismh[electronic resource] :bthe 21st century, present and future /cedited by Robert Albritton, Robert Jessop and Richard Westra. aLondon :bAnthem Press,c2010. axvi, 243 p. :bill. aIncludes bibliographical references and index.0 apt. 1. Political economy of the present -- pt. 2. Political economy of a progressive global future. aElectronic reproduction.bPalo Alto, Calif. :cebrary,d2011.nAvailable via World Wide Web.nAccess may be limited to ebrary affiliated libraries. 0aCapitalism. 0aEconomic development. 0aGlobalizationxEconomic aspects. 7aElectronic books.2local1 aAlbritton, Robert.1 aJessop, Robert.1 aWestra, Richard.2 aebrary, Inc.40uhttp://site.ebrary.com/lib/rucke/Doc?id=10481532zAn electronic book accessible through the World Wide Web; click to view c222089d222089